Ricostruisci la Carriera del Calciatore - Gary Medel - Statistics

Statistiche generali
  • Questo quiz è stato fatto 3 volte
  • Il punteggio medio è 2 su 8
Statistiche sulle risposte
Hint Risposta % Corretto
2023- Vasco da Gama
100%
2006-2009 Universidad Católica
50%
2017-2019 Beşiktaş
0%
2009-2011 Boca Juniors
0%
2019-2023 Bologna
0%
2013-2014 Cardiff City
0%
2014-2017 Inter
0%
2011-2013 Siviglia
0%
Nessun quiz corrispondente trovato
Distribuzione punteggi
Percentuale di utenti per punteggio
Percentile per numero di risposta
I tuoi punteggi nel tempo
Non hai fatto questo quiz